1686 1203 1226 1680 1164 1920 1555 1332 1282 1947 1201 1517 1084 1861 1887 1579 1080 1613 1460 1962 1925 1144 1219 1529 1725 1683 1535 1694 1067 1170 1497 1526 1531 1883 1432 1615 1725 1837 1237 1445 1842 1890 1328 1997 1137 1349 1917 1211 1013 1439 1938 1802 1814 1607 1003 1013 1181 1222 1485 1905 1386 1256 1128 1750 1561 1586 1243 1162 1025 1107 1823 1876 1023 1513 1317 1131 1671 1005 1855 1940 1945 1915 1914 1244 1847 1969 1473 1673 1943 1006 1603 1963 1525 1071 1724 1796 1537 1856 1788 BCNSPRNW ULIB Ver.6.0+V

เปลี่ยนเป็นภาษาไทย

Change to English
 แสดงรายละเอียดบรรณานุกรม
  กลับหน้าหลัก

Brief Record : Get Marc (ISO 2709) : E-mail record : QR code < ปิดหน้าต่าง
LEADER : 00000nam 2200000uu 4500
001    13399125919
003     ULIB
008    170928s2559||||th 000 0 tha d
020    ^a9789742535971
090    ^aนว.^bว111ข
100    ^aว.วินิจฉัยกุล
245    ^aของขวัญวันวาน /^cว.วินิจฉัยกุล
260    ^aกรุงเทพฯ :^bอักษรโสภณ,^c2559
300    ^a611 หน้า
945    ^p0^l0^i003366
999    ^aประนอม เกษจรัล
รายการนี้ยังไม่มีแท็ก
คุณยังไม่ได้ล็อกอิน คุณสามารถมีกิจกรรมร่วมกับเว็บไซต์ได้ แต่ต้องล็อกอินก่อน ::
  ล็อกอิน

รายการสื่อสารสนเทศ

ลำดับที่ ประเภท เลขเรียก/บาร์โค้ด สถานที่ สถานะ
1. วิทยาศาสตร์การแพทย์ และสุขภาพ
วิทยาศาสตร์การแพทย์ และสุขภาพ
นว. ว111ข ฉ.1 
  Barcode: 003366
ห้องสมุดวิทยาเขตนครสวรรค์
►นวนิยาย:l:Fiction
บนชั้น

รายการใกล้เคียง
    ผู้แต่ง [ว.วินิจฉัยกุล]

BibComment


ยังไม่เคยถูกคอมเมนท์

คอมเมนท์ทรัพยากรรายการนี้
  คอมเมนท์: ของขวัญวันวาน ว..


 Copyright 2026. Bcnsprnw @Library